| 000 -LEADER |
| fixed length control field |
00503cam a22001931 4500 |
| 001 - CONTROL NUMBER |
| control field |
3109565 |
| 005 - DATE AND TIME OF LATEST TRANSACTION |
| control field |
20180111072204.0 |
| 008 - FIXED-LENGTH DATA ELEMENTS--GENERAL INFORMATION |
| fixed length control field |
781018r19471946nyua 000 0 eng |
| 010 ## - LIBRARY OF CONGRESS CONTROL NUMBER |
| LC control number |
47001356 |
| 040 ## - CATALOGING SOURCE |
| Original cataloging agency |
DLC |
| Transcribing agency |
DLC |
| Modifying agency |
DLC |
| 041 ## - LANGUAGE CODE |
| Language code of text/sound track or separate title |
eng |
| 080 ## - UNIVERSAL DECIMAL CLASSIFICATION NUMBER |
| Universal Decimal Classification number |
793.3 |
| 082 00 - DEWEY DECIMAL CLASSIFICATION NUMBER |
| Classification number |
793.3 MAR |
| 100 1# - Rafti |
| Rafti |
21 |
| 101 ## - Shkurtesa |
| Shkurtesa |
GJL |
| 245 14 - TITLE STATEMENT |
| Title |
The dance; |
| Statement of responsibility, etc |
by John Martin ... |
| 906 ## - LOCAL DATA ELEMENT F, LDF (RLIN) |
| a |
7 |
| b |
cbc |
| c |
orignew |
| d |
u |
| e |
ocip |
| f |
19 |
| g |
y-gencatlg |
| 942 ## - ADDED ENTRY ELEMENTS (KOHA) |
| Source of classification or shelving scheme |
|
| Item type |
Books |